Famous Manchester City Fans - Statistics

General Stats
  • This quiz has been taken 55 times
  • The average score is 6 of 10
Answer Stats
Name % Correct
Lead vocalist of Oasis Liam Gallagher
96%
Lead guitarist of Oasis Noel Gallagher
96%
Hong Kong actor and martial artist, "Rush Hour" "Karate Kid" Jackie Chan
75%
The fourth actor to portray James Bond Timothy Dalton
60%
Former boxer nicknamed "The Hitman" Ricky Hatton
53%
Guitarist and co-songwriter of The Smiths Johnny Marr
49%
Actor, "Harry Potter" "Die Hard" "Robin Hood: Prince of Thieves" Alan Rickman
47%
American comedian, "Jumanji" "Get Hard" "Central Intelligence" Kevin Hart
47%
Lead singer of Joy Division Ian Curtis
42%
Irish businessman who is the CEO of Ryanair Michael O'Leary
17%
No matching quizzes found
Score Distribution
Percent of People with Each Score
Percentile by Number Answered
Your Score History
You have not taken this quiz